| 000 | 00513 a2200169 4500 | ||
|---|---|---|---|
| 020 | _a039397443X | ||
| 040 |
_aDLC _bDLC |
||
| 082 | 0 | 0 | _a973 |
| 100 | 1 | _aTindall, George Brown. | |
| 245 | 1 | 0 |
_aAmerica: a narrative history _ba narrative history _cGeorge Brown Tindall, David Emory Shi. |
| 250 | _aBrief 5th ed. | ||
| 260 |
_aNew York : _bW.W. Norton, _c2000. |
||
| 300 |
_axx, 632, A110 p. : _bill., col. maps ; _c24 cm. |
||
| 651 | 0 |
_aUnited States _xHistory. |
|
| 700 | 1 | _aShi, David E. | |
| 942 |
_cBK _k973 TIN _2ddc |
||
| 999 |
_c5225 _d5225 |
||